00751nac a22002051u 4500020001500000082001700015090001500032100003400047245009600081260004500177300001900222440003900241500002600280511002600306650002600332650003300358942001900391999001500410952012000425 a0877193835 a658.406bKIR c6770d6770 aKirkpatrick, Donald L.  aManaging change efeectively:bApproaches, methods and case examples/cDonald L. Kirkpatrick aBoston:bButterworth Heinmann,2001c2001 a192p.;c22 cm. aImproving human performance series adistributer: Al-Ahram acatalogued by: wessam aorganizational change aorganizational effectiveness cBBk658.406KIR c6770d6770 00104070aMAINbMAINc1STd2007-12-04ePurchasel5m4o658.406KIRp000008282r2025-07-15 00:00:00s2010-12-15yBB